| Tag |
First Indicator |
Second Indicator |
Subfields |
| LEADER |
00000cam a2200000 4500 |
| 001 |
in00000093302 |
| 005 |
20171118063209.0 |
| 008 |
710920s1969 enka b 00010 eng |
| 010 |
|
|
|a 71592345
|
| 015 |
|
|
|a B***
|
| 035 |
|
|
|a (OCoLC)00195960
|
| 035 |
|
|
|9 AAL5140AM
|
| 037 |
|
|
|c 7/6
|
| 040 |
|
|
|a DLC
|c DLC
|d TXA
|d UtOrBLW
|
| 049 |
|
|
|a TXAM
|c [1146706]
|
| 050 |
0 |
0 |
|a TL507
|b .G77 no. 1061
|
| 082 |
0 |
|
|a 629.13/008 s
|
| 100 |
1 |
|
|a Stevens, G. W. H.
|
| 245 |
1 |
2 |
|a A technique for studying high-velocity drawing in polymers /
|c by G. W. H. Stevens and F. C. Bluett.
|
| 264 |
|
1 |
|a London :
|b H.M. Stationery Off,
|c 1969.
|
| 300 |
|
|
|a 20 pages :
|b illustrations ;
|c 30 cm.
|
| 336 |
|
|
|a text
|b txt
|2 rdacontent
|
| 337 |
|
|
|a unmediated
|b n
|2 rdamedia
|
| 338 |
|
|
|a volume
|b nc
|2 rdacarrier
|
| 490 |
1 |
|
|a Aeronautical Research Council. Current papers, no. 1061
|
| 500 |
|
|
|a Cover title.
|
| 504 |
|
|
|a Bibliography: page 20.
|
| 650 |
|
0 |
|a Plastics
|x Molding.
|
| 650 |
|
0 |
|a Polyethylene.
|
| 650 |
|
0 |
|a Stress relaxation (Physics)
|
| 700 |
1 |
|
|a Bluett, F. C.
|
| 830 |
|
0 |
|a Current papers (Aeronautical Research Council (Great Britain)) ;
|v no. 1061.
|
| 999 |
|
|
|a MARS
|
| 999 |
f |
f |
|s acaaa016-a33a-3dbd-9bde-bb9403a6d971
|i 7e5cc441-1507-3aa6-a4ea-302aae8888e7
|t 0
|
| 952 |
f |
f |
|p ric
|a Texas A&M University
|b Rellis Campus
|c Joint Library Facility
|d Remote Storage
|t 0
|e TL507 .G77 no. 1061
|h Library of Congress classification
|i unmediated -- volume
|m A14852528737
|
| 998 |
f |
f |
|a TL507 .G77 no. 1061
|t 0
|l Remote Storage
|